000 00475cam a2200169 a 4500
020 _a0201771306
020 _a0201771314
050 0 0 _aQA276.12
_b.W45 2005
100 1 _aWeiss, N. A.
245 1 0 _aIntroductory statistics.
250 _a7th ed. /
_bNeil A. Weiss ; biographies by Carol A. Weiss.
260 _aBoston :
_bPearson Addison Wesley,
_cc2005.
300 _axxix, 846, 87, 8, 1 p. :
500 _aIncludes indexes.
650 _xStatistics.
942 _2lcc
_cGEN
999 _c10720
_d10720